| 000 | 00492nam a2200181Ia 4500 | ||
|---|---|---|---|
| 005 | 20250423094353.0 | ||
| 008 | 250422s9999 xx 000 0 und d | ||
| 020 | _a978980162622 | ||
| 050 | _aP 92.A4 .O39/ | ||
| 100 | _aOgwezzy, Abigail Odozi | ||
| 245 | 0 | _aAfrican communication systems: concepts, channels and messages | |
| 260 | _aLagos | ||
| 260 | _bAfrican Renaissance Books Incorporated | ||
| 260 | _c2016 | ||
| 300 | _a194 p | ||
| 650 | _aCommunication--Africa. | ||
| 942 | _cBK | ||
| 999 |
_c27038 _d27038 |
||